00304nam a2200121Ia 4500008004100000100002100041245003900062260003400101300000900135650001400144942000700158999001700165190216s9999||||xx |||||||||||||| ||und|| aGopikkuttan Nair 0aAmericayudae Sambathika Charithram bKerala Bhasha Institutec1974 a365p aEconomics cBK c38391d38391